000
00340nam a22001457a 4500
008
221006b ||||| |||| 00| 0 eng d
020
_a
0114687609542
041
_a
eng
080
_a
616.12
082
_a
616.12 JUD
100
_a
GLOSSARY
101
_a
KARDI
245
_a
CARDIAC RHYTHM MANAGEMENT
_c
ST.JUDE MEDICAL
942
_2
udc
_c
BK
999
_c
58394
_d
58394